Majoritné postavenie v Slovnafte získala manažérsko-zamestnanecká spoločnosť Slovintegra
Prezídium FNM SR rozhodlo o predaji 15 perc.-ného podielu v a.s. Slovnaft, spoločnosti Slovintegra, ktorá v súčasnosti kontroluje 54 perc. akcií rafinérie. Významným akcionárom Slovnaftu je Európska banka pre obnovu a rozvoj (EBOR), ktorá vlastní 10,3 perc. akcií. Hlavní akcionári Slovnaftu, a.s. Br...
Enregistré dans:
| Auteur principal: | |
|---|---|
| Format: | Chapitre de livre |
| Langue: | slovaque |
| Sujets: | |
| Tags: |
Pas de tags, Soyez le premier à ajouter un tag!
|
MARC
| LEADER | 00000naa a2200000 4500 | ||
|---|---|---|---|
| 001 | r027256 | ||
| 005 | 20230921081141.7 | ||
| 041 | 0 | |a slo | |
| 044 | |a SK | ||
| 245 | 1 | 0 | |a Majoritné postavenie v Slovnafte získala manažérsko-zamestnanecká spoločnosť Slovintegra |c Eduard Žitňanský |
| 520 | |a Prezídium FNM SR rozhodlo o predaji 15 perc.-ného podielu v a.s. Slovnaft, spoločnosti Slovintegra, ktorá v súčasnosti kontroluje 54 perc. akcií rafinérie. Významným akcionárom Slovnaftu je Európska banka pre obnovu a rozvoj (EBOR), ktorá vlastní 10,3 perc. akcií. Hlavní akcionári Slovnaftu, a.s. Bratislava. Hospodárenie Slovnaftu. | ||
| 610 | 2 | 0 | |a Slovnaft, a.s. Bratislava |
| 610 | 2 | 0 | |a akcionári |
| 610 | 2 | 0 | |a Slovintegra |
| 610 | 2 | 0 | |a Európska banka pre obnovu a rozvoj |
| 610 | 2 | 0 | |a FNM SR Bratislava |
| 610 | 2 | 0 | |a akcie |
| 100 | 1 | |a Žitňanský, Eduard | |